Statistics for Mentioned Countries in "Geography Now - Afghanistan"

Click here to take the quiz!

General Stats

  • This quiz has been taken 49 times
  • The average score is 9 of 13

Answer Stats

#Country% Correct
1Iran
97%
4Pakistan
97%
22Afghanistan
92%
1China
92%
4India
92%
2Russia
90%
1Tajikistan
85%
1Uzbekistan
77%
1Kazakhstan
64%
1Turkey
64%
1Bangladesh
46%
1Canada
28%
1Albania
21%

Score Distribution

Percentile by Number Answered

Percent of People with Each Score

Your Score History

You have not taken this quiz